Devine la chanson #3 - Statistiques

Statistiques générales
  • Ce quiz a été pris 294 fois
  • Le résultat moyen est 106 sur 253
Statistiques - réponses
Paroles % Correct
Je
96%
je
96%
le
93%
la
91%
91%
ma
89%
de
87%
il
86%
me
86%
Me
86%
et
84%
Et
84%
suis
82%
se
78%
les
77%
nous
70%
Nous
70%
en
68%
un
68%
des
67%
par
67%
une
61%
dans
60%
que
58%
Qui
58%
qui
58%
ne
56%
Mais
55%
mes
54%
son
53%
moi
49%
ses
47%
au
45%
ces
45%
Quand
43%
voix
36%
sous
34%
sans
32%
soleil
29%
tous
26%
l'un
23%
cri
22%
Nos
22%
nos
22%
danse
21%
deux
20%
entre
20%
Édith Piaf
19%
La foule
19%
musique
19%
bras
18%
foule
18%
joie
18%
l'autre
18%
mains
18%
seul
18%
ville
18%
contre
17%
reste
17%
corps
16%
donné
16%
jamais
16%
traîne
14%
vient
14%
cris
13%
entraîne
13%
fête
13%
gens
13%
loin
13%
qu'elle
13%
soudain
13%
délire
12%
farandole
11%
folle
11%
pleure
11%
pousse
11%
qu'un
11%
revois
11%
rires
11%
emportée
10%
Emportés
10%
j'entends
10%
autour
9%
autres
9%
heureux
9%
laisse
9%
n'ai
9%
retourne
9%
formons
8%
jeter
8%
parmi
8%
recule
8%
bousculent
7%
crie
7%
écrasés
7%
fond
7%
s'élance
7%
sourire
7%
Suffoquant
7%
vole
7%
désemparée
6%
restent
6%
retrouvé
6%
éloigne
5%
enivrés
5%
enlacés
5%
épanouis
5%
Étourdie
5%
flot
5%
rebondissent
5%
soudées
5%
débat
4%
d'entre
4%
douleur
4%
éclaboussée
4%
éclatent
4%
effort
4%
enchaînés
4%
L'homme
4%
lutte
4%
m'avait
4%
perdue
4%
rage
4%
rejaillit
4%
s'envolent
4%
transperce
4%
Entraînés
3%
parfois
3%
crispe
2%
fureur
2%
l'arracher
2%
maudissant
2%
poings
2%
retombent
2%
s'étouffe
2%
soulevés
2%
traînée
2%
Aucun quiz correspondant
Distribution des résultats
% des personnes avec chaque résultat
Percentile par nombre de réponses
Votre historique - résultats
Vous n’avez pas pris ce quiz